| 000 | 00585nam a2200193 4500 | ||
|---|---|---|---|
| 001 | 109088 | ||
| 003 | ES-MaACL | ||
| 005 | 20250808012558.0 | ||
| 007 | t| | ||
| 008 | 061121s1947 sp r ||||1| spa d | ||
| 100 | 1 |
_aMozas Mesa, Manuel. _983999 |
|
| 245 | 1 | 0 |
_aCastaños _b: Estudio biográfico / _cManuel Mozas Mesa. |
| 260 |
_aMadrid : _bEditora Nacional, _c1947. |
||
| 300 |
_a152 p. ; _c17 cm. |
||
| 490 | 1 | _aBreviarios de la vida española | |
| 830 | 0 | 0 |
_aBreviarios de la vida española _9180821 |
| 852 |
_aES-MaACL _jC-4446 _bR.24317 |
||
| 999 |
_c109088 _d109088 |
||